Subcategory Multiple Choice: Television II Quiz Stats

 Plays Quiz Updated Dec 5, 2017

Challenge
Share
Tweet
Embed
Score 0/22 Timer 04:00
19 Plays Today
Question Answer Wrong Answers
Cast
Which TV show features a cast that includes Bryan Cranston and Aaron Paul?
Breaking Bad
85.2%
Malcolm in the Middle
5.9%
Game of Thrones
2.2%
House of Cards
2.8%
Doctor Who
What is the name of the time machine and spacecraft in 'Doctor Who'?
TARDIS
84.1%
DeLorean
2.1%
Time Booth
4.8%
TASDIB
3.4%
The Office
Steve Carell plays which character in 'The Office'?
Michael Scott
82.5%
Dwight Schrute
6.4%
Jim Halpert
5.9%
Ryan Howard
2.4%
Friends
Which of these 'Friends' characters was NOT married to Ross?
Charlie Wheeler
79.7%
Rachel Green
6.8%
Emily Waltham
4.7%
Carol Willick
6.5%
Seinfeld
In 'Seinfeld' who is Jerry's nemesis?
Newman
76%
George
3.1%
Kramer
10.2%
Morty
7.5%
Family Guy
In 'Family Guy' Peter has reoccurring violent episodes with a giant version of what kind of creature?
Chicken
75.4%
Lizard
8%
Chimpanzee
4.3%
Kangaroo
7.4%
The Walking Dead
What is the name of the spin-off and prequel series to 'The Walking Dead'?
Fear the Walking Dead
70.2%
Start the Walking Dead
1.7%
Rise of the Walking Dead
18.6%
First Walking Dead
2.5%
SpongeBob
What is the name of SpongeBob's pet snail?
Gary
69.6%
Patrick
10.5%
Pearl
6.3%
Sandy
10.2%
Sitcom
In which of these British sitcoms would a character most likely formulate 'a cunning plan'?
Blackadder
65.1%
Red Dwarf
11.3%
The Young Ones
13.2%
Black Books
8.5%
The Big Bang Theory
Which main character from 'The Big Bang Theory' has traveled into space?
Howard
60.1%
Raj
11%
Leonard
10.4%
Sheldon
12.1%
The Simpsons
Who Shot Mr. Burns?
Maggie Simpson
58%
Homer Simpson
4%
Waylon Smithers
22.4%
Mr. Burns
10.1%
How I Met Your Mother
What color is the umbrella that is instrumental in how Ted meets 'the Mother'?
Yellow
56.7%
Blue
9.9%
Red
18.9%
Pink
7.7%
TV Show
Which TV Show holds the record for the most Emmy Awards with 50?
Saturday Night Live
56.3%
Game of Thrones
7.5%
Frasier
15%
The Simpsons
21.1%
Sherlock
At the start of the series Sherlock's assistant, John Watson, has recently returned from military service in which country?
Afghanistan
54.1%
Iraq
15.7%
Germany
12.5%
Ireland
10.1%
Network
Which of the following networks was founded most recently?
PBS
52.2%
CBS
14.3%
NBC
16.3%
BBC
15.3%
Reality Shows
Which judge has served on the most seasons of 'American Idol'?
Randy Jackson
48.1%
Simon Cowell
37.7%
Paula Abdul
7.9%
Jennifer Lopez
2.7%
South Park
In the first season of 'South Park' which celebrity singer is portrayed transforming into a giant mechanical dinosaur?
Barbra Streisand
44%
Britney Spears
15.4%
Michael Jackson
26%
Mariah Carey
10%
Arrested Development
Which of these actors has NOT appeared in 'Arrested Development'?
Simon Pegg
43.9%
Henry Winkler
11.5%
Charlize Theron
21.1%
Ben Stiller
17.5%
Emmy
Which of these shows did NOT win the Primetime Emmy Award for Outstanding Comedy Series?
The Big Bang Theory
40.6%
Frasier
14.8%
Modern Family
15.8%
Cheers
24.6%
Lost
Which 'Lost' character was shipwrecked on the island 16 years prior to the plane crash?
Danielle Rousseau
37.2%
Jack Shephard
19.1%
John Locke
30.6%
Rose Nadler
7.9%
Monty Python
How many members made up 'Monty Python'?
6
31%
4
14.5%
5
35.2%
7
13.2%
Star Trek
Which 'Star Trek' TV series ran from 1993-1999?
Deep Space Nine
24.3%
The Next Generation
45.6%
Voyager
15.2%
Enterprise
9.5%

You're not logged in!

Compare scores with friends on all Sporcle quizzes.
OR
Log In

You Might Also Like...

Show Comments

Extras

Top Quizzes Today


Score Distribution

Your Account Isn't Verified!

In order to create a playlist on Sporcle, you need to verify the email address you used during registration. Go to your Sporcle Settings to finish the process.

Report this User

Report this user for behavior that violates our Community Guidelines.

Details: